Central Library OPAC University of Rajshahi

Plant design and economics for chemical engineers / (Record no. 67440)

MARC details
000 -LEADER
fixed length control field 00815nam a2200253 a 4500
001 - CONTROL NUMBER
control field 67440
003 - CONTROL NUMBER IDENTIFIER
rucl marc code BD-RjUL
005 - DATE AND TIME OF LATEST TRANSACTION
control field 20211209081645.0
008 - FIXED-LENGTH DATA ELEMENTS--GENERAL INFORMATION
fixed length control field 170325s1968 nyua 001 0 eng d
035 ## - SYSTEM CONTROL NUMBER
System control number (BD-RjUL)67571
040 ## - CATALOGING SOURCE
Original cataloging agency DLC
Transcribing agency DLC
Modifying agency DLC
-- BD-RjUL
Language of cataloging eng
041 ## - LANGUAGE CODE
Language code of text/sound track or separate title eng
082 00 - DEWEY DECIMAL CLASSIFICATION NUMBER
Classification number 660.28
Edition number 23
Author mark and year PEP 1968
100 1# - MAIN ENTRY--PERSONAL NAME
Personal name Peters, Max Stone,
Dates associated with a name 1920-
9 (RLIN) 199839
245 10 - TITLE STATEMENT
Title Plant design and economics for chemical engineers /
Statement of responsibility, etc. Max S. Peters and Klaus D. Timmerhaus.
250 ## - EDITION STATEMENT
Edition statement 2d ed.
260 ## - PUBLICATION, DISTRIBUTION, ETC. (IMPRINT)
Place of publication, distribution, etc. New York :
Name of publisher, distributor, etc. McGraw-Hill,
Date of publication, distribution, etc. 1968
300 ## - PHYSICAL DESCRIPTION
Pagination 850 p. :
Illustrations ill. ;
Size 23 cm.
490 0# - SERIES STATEMENT
Series statement McGraw-Hill chemical engineering series
500 ## - GENERAL NOTE
General note Includes index
650 #0 - SUBJECT ADDED ENTRY--TOPICAL TERM
Topical term or geographic name as entry element Chemical plants
General subdivision Design and construction.
9 (RLIN) 199840
700 1# - ADDED ENTRY--PERSONAL NAME
Personal name Timmerhaus, Klaus D.,
Relator term joint author.
942 ## - ADDED ENTRY ELEMENTS (KOHA)
Source of classification or shelving scheme Dewey Decimal Classification
Koha item type Books
Holdings
Lost status Source of classification or shelving scheme Damaged status Not for loan Collection code Permanent Location Current Location Shelving location Date acquired Source of acquisition Cost, normal purchase price Total Checkouts Full call number Date last seen Copy number Koha item type
  Dewey Decimal Classification   Not For Loan Non-fiction Central Library, University of Rajshahi Central Library, University of Rajshahi Reading Room 13/04/1974 Continental Publication 64.60   660.28 PEP 1968 25/03/2017 C-1 Books